Quizzes
Events
Quiz Creation
Community
Videos
Private Events
Remove Ads
Sign In
Join for FREE
Feedback
Dark Mode
Quiz Categories
Sports
Geography
Music
Movies
Television
Just For Fun
Miscellaneous
History
Literature
Language
Science
Gaming
Entertainment
Religion
Holiday
For Kids
Quiz Lab
Recent
Popular Today
Quiz Kudos Today
Editor Picks
Curator Picks
Quizzes by...
Day
Popularity
Type
Ratings
Length
Year
Community
Subscriptions
Recent Discussions
Orange Saloon
Badges
Playlists
Quests
Create
Leaderboards
Showdown
Live 5
Trivia Bingo
Activity
Puzzle Library
Sporcle Events
Private Events
Virtual Trivia
Globe League
Become a Host
Pub Owners
SporcleCon
Opinionation
Our Games
Videos
Blog
Mobile Apps
Partnerships
Remove Ads and Go Orange
Feedback
Just For Fun
Clickable
Get the Picture
Humor
Quick Pick
Word Ladder
Missing Word
Mixed Word
Blitz
Minefield
This or That
Alphabet
Color
Typing
Sporcle
Puzzle
Word Play
Follow That Line
Logic
Just For Fun
Clickable
Get the Picture
Humor
Quick Pick
Word Ladder
Missing Word
Mixed Word
Blitz
Minefield
This or That
Alphabet
Color
Typing
Sporcle
Puzzle
Word Play
Follow That Line
Logic
Random Quiz
Search Sporcle
×
Quiz Lab
Quiz Lab
Just For Fun
Answering
Type in answers that appear in a list
Type in answers that appear in a list
Classic
Best Score? Go Orange.
Look at the next clue Stats
Can you name the Potatoes?
By
nethsen
10m
12 Questions
198 Plays
198 Plays
198 Plays
Comments
Comments
Give Quiz Kudos
Give Quiz Kudos
-
- Ratings
hide this ad
Forced Order
Answers have to be entered in order
Answers have to be entered in order
Replay
Link that replays current quiz
Next Quiz
Link to next quiz in quiz playlist
You Got
0%
They Got
Avg Score
96%
Avg Friend Score
Upgrade to see
Score Distribution
Jump to the score distribution portion of the page
Score
0/12
Timer
10:00
0
Plays Today
Hint
Answer
% Correct
Who plays Forrest in Forrest Gump?
Tom hanks
98.5%
In Tom Hanks' Cast away, the main character names a ball he finds what?
Wilson
97.4%
Which element has Rg as its symbol?
Roentgenium
96.9%
What kind of ball is Wilson in Cast Away?
Volleyball
96.4%
What movie won best picture in 1994?
Forrest gump
95.9%
At the 2012 Olympics, which country won gold in volleyball?
USA
95.9%
German physicist Wilhelm Roentgen discovered an element with what periodic symbol?
Rg
95.9%
What year was Roentgenium created in?
1994
95.4%
What is the most populated city in the USA?
New York
95.4%
What year did New York become a state?
1788
95.4%
What philosopher was born in 1788?
Schopenhauer
94.9%
Schopenhauer was born in what country?
Germany
94.9%
Quiz Playlist
Details
Report
Send in Message
Add To Playlist
Classic:
Type in answers that appear in a list
Forced Order:
Answers have to be entered in order
Last Updated: Feb 16, 2017
Quiz Scoreboard
CHALLENGE
Sign Up to Join the Scoreboard
Show All
Scores
Hide
Comments
May contain spoilers
Recently Published
Alphabetical 'K' Countries by Flag Minefield
by ylime102
Geography
3m
Pick 6: Fruits
by JohnFran
Miscellaneous
15s
Click the 1999 NBA Draft
by nibperrychub
Sports
2m
More to Explore
Quiz From the Vault
Featured Blog Post
15 Basketball Trivia Facts You Can Be March Mad About
hide this ad
You Might Also Like...
Tags
100
Answering
Easy
hint
Looking
Next
Today's Top Quizzes in Just For Fun
Browse Just For Fun
hide this ad
Top Contributed Quizzes in Just For Fun
1
Seasons
2
Pick 6: Letters
3
Pick 6: Foods
4
Pick 6: Colors
5
Quick Pick: Spring Things
6
Just Another 1-25 Logic Puzzle
7
Four Seasons
8
🌸 Two-Word Hint Crossword 7 🌸
9
LogiCrossword: Seasons of Year
10
Big Bang Theory Logic Puzzle
Explore More
Trending Topics
Crossword
Disney
Harry Potter
Kpop
NBA
Marvel
Anime
Song
Puzzle
NFL
WWE
The Office
Soccer
Pokémon
Country
hide this ad
More By:
nethsen
Quiz
Plays
Rating
Category
Featured
Created
Harry Potter adventure
213
4.00
Literature
Sep 2, 2012
Look at the next clue
198
4.77
Just For Fun
Mar 9, 2013
A Real Dog
155
3.75
Just For Fun
Sep 3, 2012
Is it a fruit?
147
3.80
Miscellaneous
Jun 26, 2012
Strange Vegetables
119
5.00
Just For Fun
Feb 8, 2013
Go to Creator's Profile
Score Distribution
Quiz Creator Spotlight
nethsen
Follow
Send a Message
Quizzes Created
-
Created Quiz Play Count
-
More By This Creator
Popular Quizzes Today
1
Countries of Asia Without Outlines Minefield
2
Find the US States - No Outlines Minefield
3
Pick 6: Fruits
4
Alphabetical 'K' Countries by Flag Minefield
5
The Countries of the World
6
Find the US States
7
US States
8
Match the Book to the Film X
More Just For Fun Quizzes
Number Grid VI
Published
Trending Quizzes
Pick 6: Mountains
Pick 6: Harry Potter
Pick 6: NFL Teams
Pick 6: Movie Franchises
Pick 6: Golfers
Recently Updated
NWSL Teams
pecheneg
Women's Final Four Teams by Year
bhenderson79
Presidents Quartet II
eogle
Anything But Clue(do)
eogle
Anything But Oceanian Capitals
eogle
Anything But 7
eogle
Anything But Thing
eogle
Word Ladder: February 29
pecheneg
Song Title Questions
pecheneg
Women's NCAA Tournament #1 Seeds
pecheneg
Trending Topics
NBA
Harry Potter
Disney
Marvel
Crossword
Kpop
Anime
WWE
Pokémon
The Office
Country
Puzzle
NFL
Song
Soccer
Your Account Isn't Verified!
In order to create a playlist on Sporcle, you need to verify the email address you used during registration. Go to your
Sporcle Settings
to finish the process.
Report this User
Report this user for behavior that violates our
Community Guidelines
.
Details:
Send Report
Go to the Sporcle.com Mobile Site →
Comments